000 00657nam a2200181Ia 4500
008 100921s9999 xx 000 0 und d
082 _b21211
_a891.463 थ 87
100 _aजोशी स्नेहल.
245 _aघरसंसार.
260 _bमनमोहिनी प्रकाशन,पुणे.
_c1987
300 _a184
_bशिल्पा बुक सर्व्हिस,तळेगांव दाभाडे
365 _b45
520 _aललित-कादंबरी.
630 _aघरसंसार.
650 _aललित-कादंबरी.
730 _aघरसंसार.
942 _cBOOK
999 _c770324
_d770321